[Event "otb"]
[Site "otb"]
[Date "2007.04.05"]
[Round "3"]
[White "Bologan Viktor"]
[Black "Iljin Artem"]
[Result "1/2-1/2"]
[WhiteElo "2636"]
[BlackElo "2538"]
[PlyCount "41"]
[Source "www.chesslib.no"]
[SourceDate "2004.05.04"]

1. d4 e6 2. c4 Nf6 3. b3 b6 4. Bd2 Ba6 5. Nc3 d5 6. cxd5 exd5 7. Rc1 Bb7 8. Bf4 c6 9. Qc2 Nbd7 10. Rd1 Be7 11. Rc1 Nf8 12. Qb2 Ne6 13. b4 Rc8 14. Be5 Ra8 15. Ne4 Rc8 16. Qb3 Qc7 17. Ng5 Bf8 18. Ne4 Be7 19. f4 Rb8 20. Nf2 Ne4 21. Rxc6 1/2-1/2

[Event "CRO-chT"]
[Site "?"]
[Date "2000.09.16"]
[Round "6"]
[White "Kozul Zdenko"]
[Black "Pinter Jozsef"]
[Result "1-0"]
[WhiteElo "2611"]
[BlackElo "2556"]
[PlyCount "79"]
[EventDate "2000.??.??"]
[Source "www.chesslib.no"]
[SourceDate "2004.05.04"]

1. d4 Nf6 2. c4 e6 3. Nf3 d5 4. g3 Bb4+ 5. Nbd2 O-O 6. Bg2 a5 7. O-O c6 8. Qc2 Nbd7 9. e4 b6 10. e5 Ne8 11. cxd5 cxd5 12. Nb1 Ba6 13. Ng5 g6 14. Rd1 Ng7 15. Nc3 Rc8 16. Qd2 Be7 17. h4 Nb8 18. Bh3 Rc6 19. Nf3 Nd7 20. Qh6 f6 21. exf6 Bxf6 22. Ng5 Bxg5 23. hxg5 Nf5 24. Bxf5 Rxf5 25. Bf4 Qf8 26. Qxf8+ Rxf8 27. a4 Rfc8 28. Rd2 Bc4 29. Kg2 Re8 30. Re1 Kf7 31. Re3 Ba6 32. Rd1 Rc4 33. b3 Rcc8 34. g4 Kg8 35. Kg3 Kg7 36. f3 Kg8 37. Rd2 Kg7 38. Rd1 Rc6 39. Rh1 Kg8 40. Nxd5 1-0

[Event "Mind Sports Games - Rapid Pair KO"]
[Site "Pechino CINA"]
[Date "2008.10.12"]
[Round "2.2"]
[White "Adianto, U."]
[Black "Ghaem Maghami, E."]
[Result "1/2-1/2"]
[WhiteElo "2554"]
[BlackElo "2599"]
[PlyCount "144"]
[EventDate "2008.10.09"]
[Source "www.chesslib.no"]
[SourceDate "2004.05.04"]

1. d4 Nf6 2. Nf3 e6 3. c4 d5 4. g3 dxc4 5. Qa4+ c6 6. Qxc4 b5 7. Qc2 Bb7 8. Bg2 Nbd7 9. O-O c5 10. Rd1 Rc8 11. Qb3 a6 12. Bg5 Qb6 13. a4 c4 14. Qc2 Be7 15. axb5 axb5 16. Ne5 Nxe5 17. Bxb7 Qxb7 18. dxe5 Nd5 19. Bxe7 Qxe7 20. Nc3 Nxc3 21. Qxc3 O-O 22. Rd6 Qb7 23. Qd4 Ra8 24. Rd1 Qc7 25. Kg2 h6 26. h4 b4 27. Qe4 Rac8 28. h5 Qc5 29. f3 c3 30. bxc3 bxc3 31. R6d3 Qa3 32. Qe3 c2 33. Rc1 Qb2 34. Rb3 Qa2 35. g4 Rfd8 36. Rd3 Rxd3 37. Qxd3 Qb2 38. Qd2 Qxe5 39. Rxc2 Rxc2 40. Qxc2 f5 41. gxf5 exf5 42. Qc4+ Kf8 43. Kf1 f4 44. Qc8+ Ke7 45. Qg4 Kf6 46. Qg6+ Ke7 47. Kf2 Qe3+ 48. Kf1 Qe5 49. Qd3 Kf6 50. Qd8+ Qe7 51. Qb6+ Qe6 52. Qb8 Qe5 53. Qf8+ Kg5 54. Qf7 Qf6 55. Qe8 Kh4 56. Kf2 Qg5 57. Qf7 Qg3+ 58. Kf1 Kh3 59. Qd5 Kh2 60. Qc5 Kh3 61. Qd4 Kh4 62. Qd5 Qg5 63. Qf7 Qg3 64. Qd5 Qg5 65. Qf7 Qg3 66. Qe8 Kh3 67. Qc8+ Kh4 68. Qc5 Kh3 69. Qf5+ Kh4 70. Qf7 Kh3 71. Qf5+ Kh2 72. Qc5 Kh3 1/2-1/2

[Event "ISL-chT"]
[Site "?"]
[Date "1997.??.??"]
[Round "?"]
[White "Petursson Margeir"]
[Black "Hjartarson Johann"]
[Result "1-0"]
[WhiteElo "2565"]
[BlackElo "2585"]
[PlyCount "77"]
[EventDate "1997.??.??"]
[Source "www.chesslib.no"]
[SourceDate "2004.05.04"]

1. d4 Nf6 2. c4 e6 3. Nf3 d5 4. g3 Bb4+ 5. Nbd2 O-O 6. Bg2 b6 7. cxd5 exd5 8. O-O Bd6 9. b3 Nbd7 10. Bb2 Re8 11. Re1 Bb7 12. Rc1 Qe7 13. Qc2 c5 14. Qf5 Rad8 15. e3 h6 16. Nh4 g6 17. Qc2 Rc8 18. dxc5 bxc5 19. Bh3 Be5 20. Bxe5 Qxe5 21. Bg2 Nf8 22. Nhf3 Qe7 23. Qb2 Ne6 24. h3 Red8 25. a3 a5 26. Qc3 Ra8 27. a4 Rdc8 28. Qe5 Rab8 29. Qc3 Qd8 30. Rcd1 Ba8 31. e4 c4 32. Nxc4 Nc5 33. exd5 Nxb3 34. Nfe5 Nxd5 35. Qf3 Qc7 36. Rxd5 Bxd5 37. Qxd5 Rd8 38. Qc6 Rbc8 39. Qf6 1-0

[Event "CRO-chT"]
[Site "Rabac"]
[Date "2003.09.07"]
[Round "1"]
[White "Kozul, Zdenko"]
[Black "Pinter, Jozsef"]
[Result "1-0"]
[WhiteElo "2596"]
[BlackElo "2548"]
[PlyCount "115"]
[EventDate "2003.09.07"]
[Source "Roberto Alvarez"]
[SourceDate "2003.09.22"]

1. d4 Nf6 2. c4 e6 3. Nf3 d5 4. g3 Bb4+ 5. Nbd2 c5 6. cxd5 Qxd5 7. a3 Bxd2+ 8. Qxd2 cxd4 9. Qxd4 Nc6 10. Qxd5 Nxd5 11. b4 O-O 12. Bb2 b6 13. e4 Nf6 14. Rc1 Bb7 15. Bd3 Rac8 16. Ke2 Ne7 17. Nd2 Rxc1 18. Rxc1 Rc8 19. Rxc8+ Nxc8 20. f3 Nd7 21. g4 f6 22. Bb5 Nb8 23. e5 fxe5 24. Bxe5 Nc6 25. Bb2 Nd6 26. Bd3 Ne7 27. Nc4 Nxc4 28. Bxc4 Nd5 29. Be5 a6 30. f4 g6 31. Kd3 Kf7 32. Kd4 Ne7 33. Bc7 Nc6+ 34. Ke3 Ne7 35. Bxb6 Nd5+ 36. Bxd5 Bxd5 37. g5 Bc6 38. Kd4 Ba4 39. Ke5 Bb3 40. Kd6 Ke8 41. Bd4 Bc4 42. h4 Bb3 43. Bf6 Kf7 44. Bc3 Ke8 45. Kc7 Bc2 46. Be5 Bb3 47. Kb6 Bc4 48. a4 Kd7 49. Kc5 Be2 50. b5 axb5 51. axb5 Bf1 52. b6 Bg2 53. Bc7 e5 54. f5 gxf5 55. Bxe5 Ke6 56. Bf4 Kd7 57. h5 Ke6 58. h6 1-0

[Event "Gothenburg Cup"]
[Site "Gothenburg"]
[Date "2001.??.??"]
[Round "6"]
[White "Marin, Mihail"]
[Black "Gavrikov, Viktor"]
[Result "1/2-1/2"]
[WhiteElo "2604"]
[BlackElo "2539"]
[PlyCount "45"]
[EventDate "2001.01.08"]
[Source "ChessBase"]
[SourceDate "2001.03.20"]

1. c4 Nf6 2. Nf3 e6 3. g3 d5 4. d4 c6 5. Bg2 Nbd7 6. O-O Bd6 7. Nc3 O-O 8. b3 Re8 9. Bb2 dxc4 10. bxc4 e5 11. e3 exd4 12. exd4 Nf8 13. Qc2 Be6 14. Nd1 Qc8 15. Ne3 Bh3 16. Bxh3 Qxh3 17. Qf5 Qxf5 18. Nxf5 Bc7 19. d5 N8d7 20. Rfe1 cxd5 21. cxd5 Nxd5 22. Bxg7 f6 23. Bh6 1/2-1/2

[Event "Kobenhavn 71/(509)"]
[Site "?"]
[Date "1997.??.??"]
[Round "?"]
[White "Petursson, Margeir"]
[Black "Sokolov, Andrei"]
[Result "1/2-1/2"]
[WhiteElo "2555"]
[BlackElo "2585"]
[PlyCount "46"]
[EventDate "1997.??.??"]
[Source "ChessBase"]
[SourceDate "1997.10.01"]

1. d4 Nf6 2. c4 e6 3. Nf3 d5 4. g3 c6 5. Bg2 Nbd7 6. Qc2 Bd6 7. O-O O-O 8. Nbd2 Re8 9. Re1 e5 10. cxd5 cxd5 11. dxe5 Nxe5 12. Nxe5 Bxe5 13. Nf3 Bc7 14. Bg5 Bb6 15. Rad1 h6 16. Bc1 Bg4 17. h3 Rc8 18. Qd3 Bh5 19. Qb5 Bg6 20. e3 Bc2 21. Rd2 Be4 22. b4 Qc7 23. Qe2 Bxf3 1/2-1/2

[Event "CRO-Cup"]
[Site "?"]
[Date "1998.??.??"]
[Round "2"]
[White "Kozul Zdenko"]
[Black "Delchev Aleksander"]
[Result "1/2-1/2"]
[WhiteElo "2585"]
[BlackElo "2545"]
[PlyCount "111"]
[EventDate "1998.??.??"]
[Source "www.chesslib.no"]
[SourceDate "2004.05.04"]

1. d4 Nf6 2. c4 e6 3. Nf3 d5 4. g3 dxc4 5. Qa4+ Nc6 6. Bg2 Bb4+ 7. Bd2 Bd6 8. O-O O-O 9. Qxc4 e5 10. dxe5 Nxe5 11. Nxe5 Bxe5 12. Bc3 Bxc3 13. Nxc3 c6 14. Rfd1 Qe7 15. Qh4 Be6 16. Rd4 Rfd8 17. Rad1 a5 18. Qf4 Kf8 19. a3 Rxd4 20. Qxd4 Nd7 21. h3 Qc5 22. Qh4 Nf6 23. Qf4 Bb3 24. Rd2 Re8 25. Qc7 Re7 26. Qb8+ Ne8 27. Qd8 Qe5 28. Qb6 Be6 29. f4 Qc7 30. Qc5 Nf6 31. e4 Nd7 32. Qh5 Nf6 33. Qd1 Rd7 34. e5 Qb6+ 35. Kh2 Nd5 36. Bxd5 Bxd5 37. Qg1 Qxg1+ 38. Kxg1 Be6 39. Rxd7 Bxd7 40. g4 h5 41. f5 hxg4 42. hxg4 g6 43. Ne4 gxf5 44. gxf5 Bxf5 45. Nd6 Bc2 46. Nxb7 Ke7 47. Nxa5 Ke6 48. Nxc6 Be4 49. Na5 Kxe5 50. Kf2 Bd5 51. Ke3 f5 52. b4 f4+ 53. Kd3 f3 54. Ke3 Kd6 55. a4 Kc7 56. b5 1/2-1/2

[Event "Benidorm"]
[Site "?"]
[Date "1994.??.??"]
[Round "?"]
[White "Andersson, U."]
[Black "Cifuentes Parada, R."]
[Result "1-0"]
[WhiteElo "2620"]
[BlackElo "2500"]
[PlyCount "133"]
[EventDate "1994.??.??"]
[Source "ChessBase"]
[SourceDate "1994.02.01"]

1. c4 e6 2. Nf3 d5 3. d4 Nf6 4. g3 c6 5. Qc2 Nbd7 6. Bg2 Bd6 7. O-O O-O 8. Nbd2 Re8 9. b3 e5 10. dxe5 Nxe5 11. Bb2 Bg4 12. cxd5 cxd5 13. Bxe5 Bxe5 14. Nxe5 Rxe5 15. Nf3 Re7 16. Nd4 Rc8 17. Qb2 Rec7 18. Rac1 h6 19. e3 a6 20. Rfe1 Qd7 21. f3 Be6 22. Kf2 Qd6 23. Rxc7 Qxc7 24. Re2 Qc1 25. Qxc1 Rxc1 26. Re1 Rc7 27. Rd1 Kf8 28. g4 Ke7 29. h4 Nd7 30. Ke2 Ne5 31. Kd2 Nc6 32. Rc1 Kd6 33. Ne2 g5 34. hxg5 hxg5 35. Rh1 Rc8 36. Rh5 Rg8 37. Bf1 Kc5 38. Kc3 a5 39. Nd4 Nxd4 40. exd4+ Kd6 41. Bd3 Ke7 42. b4 b6 43. Kb3 axb4 44. Kxb4 Kf6 45. Kb5 Ra8 46. Rh2 Ke7 47. Kxb6 Kd6 48. Ba6 Rb8+ 49. Ka5 Rb1 50. Rd2 Bd7 51. a4 Ra1 52. Bb5 Bxb5 53. Kxb5 Rb1+ 54. Ka6 Rb3 55. a5 Rxf3 56. Rb2 f5 57. Kb7 fxg4 58. a6 g3 59. a7 g2 60. a8=Q g1=Q 61. Qd8+ Ke6 62. Re2+ Kf5 63. Re5+ Kg6 64. Qg8+ Kh6 65. Qh8+ Kg6 66. Qe8+ Rf7+ 67. Re7 1-0

[Event "BL2-S 9899"]
[Site "?"]
[Date "1999.04.18"]
[Round "9.1"]
[White "Hertneck Gerald"]
[Black "Gyimesi Zoltan"]
[Result "1/2-1/2"]
[WhiteElo "2573"]
[BlackElo "2529"]
[PlyCount "51"]
[EventDate "1999.??.??"]
[Source "www.chesslib.no"]
[SourceDate "2004.05.04"]

1. d4 Nf6 2. c4 e6 3. Nf3 d5 4. g3 dxc4 5. Qa4+ Nbd7 6. Qxc4 a6 7. a4 b5 8. Qc6 Rb8 9. axb5 Bb7 10. Qc2 axb5 11. Bg2 c5 12. O-O Qb6 13. e3 Bd6 14. Nc3 O-O 15. Qe2 Bc6 16. dxc5 Bxc5 17. Bd2 Qb7 18. Rfc1 Rfc8 19. Ne1 Bxg2 20. Nxg2 Ne5 21. Ne1 b4 22. Na4 Be7 23. f3 Rxc1 24. Rxc1 Rd8 25. Nc5 Qb6 26. Nb3 1/2-1/2

[Event "Solin 6th"]
[Site "?"]
[Date "1998.??.??"]
[Round "6"]
[White "Kurajica Bojan"]
[Black "Kovacevic Vlatko"]
[Result "0-1"]
[WhiteElo "2580"]
[BlackElo "2520"]
[PlyCount "60"]
[EventDate "1998.??.??"]
[Source "www.chesslib.no"]
[SourceDate "2004.05.04"]

1. d4 Nf6 2. Nf3 d5 3. c4 e6 4. g3 dxc4 5. Qa4+ Bd7 6. Qxc4 c5 7. dxc5 Bc6 8. Be3 Nbd7 9. Nc3 Rc8 10. Bg2 Nd5 11. Nxd5 Bxd5 12. Qg4 h5 13. Qf4 Bxc5 14. Bxc5 Rxc5 15. O-O O-O 16. e4 Bc6 17. Nd4 e5 18. Nxc6 Rxc6 19. Qe3 Qb6 20. Qg5 Rc2 21. Qxh5 Rxb2 22. Qf5 Nf6 23. h3 Re8 24. Qf3 Rc8 25. Rac1 Rcc2 26. Rxc2 Rxc2 27. a3 g6 28. Rd1 Kg7 29. h4 Qc5 30. Bf1 Nxe4 0-1

[Event "Zonal"]
[Site "Zonal St Petersburg"]
[Date "1993.??.??"]
[Round "?"]
[White "Ulibin, Mikhail"]
[Black "Kharlov, Andrei"]
[Result "0-1"]
[WhiteElo "2565"]
[BlackElo "2535"]
[PlyCount "62"]
[EventDate "1993.??.??"]
[Source "www.chesslib.no"]
[SourceDate "2004.05.04"]

1. d4 d5 2. c4 e6 3. Nf3 Nf6 4. g3 c6 5. Bg2 dxc4 6. Ne5 b5 7. a4 Nd5 8. axb5 cxb5 9. Nc3 f6 10. Nf3 Nxc3 11. bxc3 Bb7 12. O-O Be7 13. Qc2 f5 14. Nh4 Qc8 15. Bxb7 Qxb7 16. Ng2 O-O 17. Nf4 Rf6 18. Nh5 Rf7 19. Nf4 Qc6 20. e4 Nd7 21. exf5 exf5 22. Re1 Bd6 23. Ne6 Nb6 24. Bg5 Qd7 25. Bf4 Re8 26. Nc5 Bxf4 27. Re7 Qc8 28. Qc1 Be3 29. Nd3 a6 30. Qe1 b4 31. cxb4 c3 0-1

[Event "Russia"]
[Site "?"]
[Date "2004.??.??"]
[Round "?"]
[White "Popov, Val"]
[Black "Landa, K."]
[Result "1/2-1/2"]
[WhiteElo "2545"]
[BlackElo "2550"]
[PlyCount "27"]
[EventDate "2004.??.??"]
[Source "Chess Informant"]
[SourceDate "2004.02.01"]

1. Nf3 d5 2. d4 Nf6 3. c4 e6 4. g3 dxc4 5. Qa4+ c6 6. Qxc4 b5 7. Qd3 Bb7 8. Bg2 a6 9. a4 c5 10. axb5 c4 11. Qd1 axb5 12. Rxa8 Bxa8 13. O-O Be7 14. b3 1/2-1/2

[Event "Vinkovci"]
[Site "Vinkovci"]
[Date "1993.??.??"]
[Round "7"]
[White "Kozul, Zdenko"]
[Black "Dizdar, Goran"]
[Result "1/2-1/2"]
[WhiteElo "2595"]
[BlackElo "2495"]
[PlyCount "25"]
[EventDate "1993.12.??"]
[Source "ChessBase"]

1. d4 d5 2. c4 e6 3. Nf3 Nf6 4. g3 Bb4+ 5. Nbd2 c5 6. Bg2 Nc6 7. O-O O-O 8. cxd5 exd5 9. dxc5 Bxc5 10. Nb3 Bb6 11. Nfd4 Re8 12. Bg5 h6 13. Bxf6 1/2-1/2

[Event "Buenos Aires Najdorf"]
[Site "Buenos Aires"]
[Date "1996.??.??"]
[Round "3"]
[White "Ricardi, Pablo"]
[Black "Slipak, Sergio"]
[Result "1/2-1/2"]
[WhiteElo "2555"]
[BlackElo "2535"]
[PlyCount "34"]
[EventDate "1996.04.??"]
[Source "ChessBase"]

1. c4 e6 2. Nf3 Nf6 3. g3 d5 4. d4 c6 5. Nbd2 Nbd7 6. Bg2 Bd6 7. O-O O-O 8. Qc2 Re8 9. e4 Nxe4 10. Nxe4 dxe4 11. Qxe4 e5 12. Bg5 f6 13. Bd2 exd4 14. Qxd4 Ne5 15. Bc3 Qc7 16. Rfe1 Be6 17. b3 Nxf3+ 1/2-1/2

[Event "Osijek"]
[Site "Osijek"]
[Date "1993.??.??"]
[Round "1"]
[White "Kozul, Zdenko"]
[Black "Dizdar, Goran"]
[Result "1-0"]
[WhiteElo "2595"]
[BlackElo "2495"]
[PlyCount "75"]
[EventDate "1993.11.??"]
[Source "ChessBase"]

1. d4 d5 2. c4 e6 3. Nf3 Nf6 4. g3 Bb4+ 5. Nbd2 c5 6. a3 Bxd2+ 7. Qxd2 Ne4 8. Qc2 cxd4 9. cxd5 exd5 10. Nxd4 O-O 11. Bg2 Qf6 12. Be3 Nc6 13. Rd1 Qg6 14. f3 Nf6 15. Qxg6 hxg6 16. Kf2 Bd7 17. g4 Nxd4 18. Bxd4 Bc6 19. h4 Rfd8 20. h5 gxh5 21. g5 Nd7 22. Rxh5 f6 23. g6 Kf8 24. Rh7 Ne5 25. Bh3 Nxg6 26. Be6 Ke7 27. Bf5 Ne5 28. Rxg7+ Kd6 29. b4 Bd7 30. Bxe5+ fxe5 31. Bxd7 Rxd7 32. Rxd5+ Kxd5 33. Rxd7+ Kc6 34. Re7 Kb5 35. Rxe5+ Ka4 36. Re3 Rc8 37. f4 Rc2 38. f5 1-0

[Event "Krasnodar"]
[Site "?"]
[Date "1998.??.??"]
[Round "6"]
[White "Poluljahov Aleksandr"]
[Black "Kuzmin Gennadi P"]
[Result "1/2-1/2"]
[WhiteElo "2505"]
[BlackElo "2580"]
[PlyCount "51"]
[EventDate "1998.??.??"]
[Source "www.chesslib.no"]
[SourceDate "2004.05.04"]

1. d4 Nf6 2. c4 e6 3. Nf3 d5 4. g3 Bb4+ 5. Nbd2 O-O 6. Bg2 c5 7. O-O cxd4 8. Nxd4 e5 9. Nc2 Bxd2 10. Qxd2 dxc4 11. Qxd8 Rxd8 12. Na3 Nc6 13. Bxc6 bxc6 14. Nxc4 Ba6 15. Nxe5 Re8 16. Nxc6 Bxe2 17. Re1 Bf3 18. Ne5 Bd5 19. Bf4 h6 20. Nd3 Bc4 21. Ne5 Bd5 22. f3 Rab8 23. b3 Rbc8 24. Rac1 Rxc1 25. Bxc1 Rc8 26. Be3 1/2-1/2

[Event "Tch (Men) 2005/2006 CRO"]
[Site "?"]
[Date "2006.05.11"]
[Round "2.2"]
[White "Markus Robert"]
[Black "Kovacevic Vlatko"]
[Result "1-0"]
[WhiteElo "2585"]
[BlackElo "2495"]
[PlyCount "85"]
[EventDate "2006.??.??"]
[Source "www.chesslib.no"]
[SourceDate "2004.05.04"]

1. d4 e6 2. c4 d5 3. Nf3 Nf6 4. g3 c6 5. Bg2 Nbd7 6. Qc2 Ne4 7. O-O Be7 8. Nbd2 f5 9. Ne1 Bf6 10. Ndf3 O-O 11. Nd3 a5 12. Bf4 Qe7 13. Nfe5 Nd6 14. c5 Nf7 15. Nxf7 Rxf7 16. Qc3 Qd8 17. Rac1 g5 18. Bd6 h5 19. f3 b6 20. cxb6 Qxb6 21. e3 Ba6 22. Rf2 Rc8 23. Nc5 Nxc5 24. Bxc5 Qd8 25. e4 Be7 26. exf5 exf5 27. Re1 Bb5 28. Bf1 Bxc5 29. Qxc5 Bxf1 30. Kxf1 f4 31. Re5 Rcc7 32. Qxa5 fxg3 33. hxg3 Qf6 34. Qd2 Rg7 35. Qe3 h4 36. g4 Rce7 37. Kg2 Rxe5 38. dxe5 Qg6 39. e6 Re7 40. Re2 Qf6 41. a4 d4 42. Qe4 Kg7 43. a5 1-0

[Event "YUG-chT playoff"]
[Site "?"]
[Date "1997.??.??"]
[Round "?"]
[White "Damljanovic Branko"]
[Black "Nikcevic Nebojsa"]
[Result "1-0"]
[WhiteElo "2540"]
[BlackElo "2540"]
[PlyCount "75"]
[EventDate "1997.??.??"]
[Source "www.chesslib.no"]
[SourceDate "2004.05.04"]

1. c4 e6 2. d4 d5 3. Nf3 Nf6 4. g3 dxc4 5. Qa4+ Nc6 6. Bg2 Nd7 7. Bg5 f6 8. Be3 Nb6 9. Qc2 Bb4+ 10. Nc3 Bxc3+ 11. bxc3 Bd7 12. O-O Qe7 13. Bc1 Na5 14. e4 Ba4 15. Qb2 O-O-O 16. Be3 h5 17. Rfe1 Qd7 18. h4 Qb5 19. Qc1 Qa6 20. Rb1 Bc6 21. Bf4 Na4 22. Rb4 b5 23. Qa3 e5 24. Rxa4 bxa4 25. dxe5 Bb7 26. exf6 gxf6 27. Nd4 Rhe8 28. Qxa4 Qb6 29. Be3 c5 30. Bh3+ Kb8 31. Bf4+ Ka8 32. Ne6 Bc6 33. Qa3 Rc8 34. Nxc5 Nb7 35. Na6 Bxe4 36. Bxc8 Rxc8 37. Nc7+ Rxc7 38. Bxc7 1-0

[Event "1 Copa C.D.P"]
[Site "Quito"]
[Date "2003.10.21"]
[Round "8"]
[White "Dominguez, Lenier"]
[Black "Mieles Palau, Daniel"]
[Result "1-0"]
[WhiteElo "2607"]
[BlackElo "2468"]
[PlyCount "89"]
[EventDate "2003.10.14"]
[Source "Roberto Alvarez"]
[SourceDate "2004.09.15"]

1. Nf3 Nf6 2. c4 e6 3. g3 d5 4. d4 c5 5. cxd5 Qxd5 6. Nc3 Qd8 7. Bf4 cxd4 8. Qxd4 Qxd4 9. Nxd4 a6 10. Bg2 Nbd7 11. Nb3 e5 12. Be3 Rb8 13. O-O b6 14. Rac1 Bd6 15. Rfd1 Ke7 16. Bg5 Bb7 17. Bxb7 Rxb7 18. Ne4 Bb8 19. Rc6 h6 20. Nxf6 gxf6 21. Be3 h5 22. Rdc1 f5 23. Nd2 f4 24. gxf4 Rg8+ 25. Kf1 exf4 26. Bd4 Rg6 27. Rxg6 fxg6 28. Rc6 Ne5 29. Bxe5 Bxe5 30. Nc4 Bf6 31. Nxb6 Bxb2 32. Nd5+ Kf7 33. Nxf4 a5 34. Ra6 Be5 35. Nxg6 Bxh2 36. f4 Bg3 37. Ne5+ Ke7 38. Rxa5 Rb2 39. Kg2 h4 40. Kf3 Rb1 41. Ra7+ Kf6 42. Ra6+ Ke7 43. Kg4 Re1 44. f5 Bf2 45. f6+ 1-0

[Event "Commonwealth Ch"]
[Site "Mumbai"]
[Date "2003.04.25"]
[Round "8"]
[White "Vladimirov, Evgeny"]
[Black "Sandipan, Chanda"]
[Result "1-0"]
[WhiteElo "2597"]
[BlackElo "2478"]
[PlyCount "65"]
[EventDate "2003.04.20"]
[Source "Roberto Alvarez"]
[SourceDate "2003.04.28"]

1. d4 d5 2. Nf3 Nf6 3. c4 e6 4. g3 Bb4+ 5. Nbd2 c5 6. Bg2 dxc4 7. O-O cxd4 8. Nxc4 O-O 9. Nxd4 Qc7 10. Qb3 Bc5 11. Bf4 Qe7 12. Bxb8 Rd8 13. e3 Rxb8 14. Nc6 bxc6 15. Qxb8 Bb7 16. Qe5 Nd5 17. Na5 Ba8 18. Rac1 Bd6 19. Qe4 c5 20. Qa4 h5 21. Rfd1 Nb6 22. Qh4 Qxh4 23. gxh4 Nd5 24. Nb3 Be7 25. Nxc5 Bxh4 26. Na6 Rf8 27. Nc7 Nxc7 28. Rxc7 Bxg2 29. Kxg2 Rb8 30. b3 a5 31. Rdc1 Rb4 32. R1c4 Bf6 33. R7c5 1-0

[Event "Hoogovens-B"]
[Site "Wijk aan Zee"]
[Date "1999.01.30"]
[Round "10"]
[White "Bauer, Christian"]
[Black "Van den Doel, Erik"]
[Result "1-0"]
[WhiteElo "2528"]
[BlackElo "2547"]
[PlyCount "71"]
[EventDate "1999.01.19"]
[Source "ChessBase"]
[SourceDate "1999.04.01"]

1. Nf3 Nf6 2. d4 e6 3. g3 d5 4. c4 Nbd7 5. Bg2 c6 6. O-O Bd6 7. Nc3 O-O 8. Nd2 Qe7 9. e4 e5 10. exd5 exd4 11. Nce4 cxd5 12. cxd5 Nxd5 13. Nxd6 Qxd6 14. Nb3 N7f6 15. Qxd4 Be6 16. Bg5 b6 17. Bxf6 gxf6 18. Rad1 Rad8 19. Rfe1 Qb4 20. Rxe6 fxe6 21. Bxd5 Qd6 22. Bf3 Qe7 23. Qg4+ Kh8 24. Re1 f5 25. Qf4 Qf6 26. Kg2 Rfe8 27. Re5 Rd6 28. Nd4 Red8 29. Nc6 Rc8 30. Re2 Rd7 31. b4 a6 32. a4 b5 33. axb5 axb5 34. Re5 Rd3 35. Rxb5 Rc3 36. Qd4 1-0

[Event "Moscow ol (Men)"]
[Site "Moscow"]
[Date "1994.??.??"]
[Round "9"]
[White "Petursson, Margeir"]
[Black "Sturua, Zurab"]
[Result "1/2-1/2"]
[WhiteElo "2540"]
[BlackElo "2535"]
[PlyCount "103"]
[EventDate "1994.11.??"]
[Source "ChessBase"]

1. d4 d5 2. c4 e6 3. Nf3 Nf6 4. g3 Bb4+ 5. Nbd2 c5 6. cxd5 Qxd5 7. a3 Bxd2+ 8. Qxd2 Nc6 9. dxc5 Qxc5 10. Bg2 O-O 11. b4 Qb5 12. O-O Rd8 13. Qb2 a5 14. Bg5 e5 15. Rac1 axb4 16. axb4 h6 17. Be3 Be6 18. Rc5 Qxb4 19. Qxb4 Nxb4 20. Nxe5 Bd5 21. Rb1 Nc6 22. Nc4 Be4 23. Re1 Ra2 24. f3 Bd5 25. Bf2 Be6 26. Ne5 Nxe5 27. Rxe5 Bc4 28. Bb6 Rd6 29. Ba5 b5 30. Bb4 Rd5 31. Re7 Rd8 32. f4 Rb2 33. Bc3 Rc2 34. Ba5 Rb8 35. Bb4 Nd5 36. Bxd5 Bxd5 37. f5 Rc4 38. Bd6 Rd8 39. Bf4 Be4 40. f6 g5 41. Be5 Kh7 42. Ra1 Kg6 43. Ra5 Rd5 44. Bb2 Rb4 45. Ra1 Rxb2 46. Rxe4 Rd6 47. Ra8 Re6 48. Rxe6 fxe6 49. Kf2 b4 50. Rh8 b3 51. f7 Kxf7 52. Rxh6 1/2-1/2

[Event "Bled op18th"]
[Site "Bled"]
[Date "1997.??.??"]
[Round "9"]
[White "Sosonko, Gennadi"]
[Black "Sveshnikov, Evgeny"]
[Result "1/2-1/2"]
[WhiteElo "2515"]
[BlackElo "2560"]
[PlyCount "73"]
[EventDate "1997.03.15"]
[Source "ChessBase"]

1. d4 d5 2. Nf3 Nf6 3. c4 e6 4. g3 dxc4 5. Qa4+ c6 6. Qxc4 b5 7. Qc2 Bb7 8. Nbd2 Nbd7 9. Nb3 Qb6 10. Bg2 Bb4+ 11. Bd2 Bxd2+ 12. Qxd2 c5 13. dxc5 Nxc5 14. Nxc5 Qxc5 15. Rc1 Qb6 16. Qb4 Nd5 17. Qa3 a5 18. Qc5 b4 19. O-O Qa6 20. e4 Nf6 21. e5 Nd5 22. Ng5 Rc8 23. Qd4 O-O 24. Be4 h6 25. Bh7+ Kh8 26. Rxc8 Bxc8 27. Bd3 Qc6 28. Ne4 Bb7 29. Qc5 Qxc5 30. Nxc5 Ba8 31. Be4 Nb6 32. Rc1 Rc8 33. Bxa8 Nxa8 34. Nb3 Rxc1+ 35. Nxc1 Nb6 36. f4 g5 37. Kf2 1/2-1/2

[Event "Malmo"]
[Site "Malmo SWE"]
[Date "1987.??.??"]
[Round "?"]
[White "Hansen, Curt"]
[Black "Garcia Palermo, Carlos H"]
[Result "1-0"]
[WhiteElo "2550"]
[BlackElo "2520"]
[PlyCount "43"]
[EventDate "1987.12.??"]
[Source "www.chesslib.no"]
[SourceDate "2004.05.04"]

1. c4 e6 2. Nf3 Nf6 3. g3 d5 4. d4 Bb4+ 5. Nbd2 O-O 6. Bg2 b6 7. cxd5 exd5 8. O-O Bb7 9. Ne5 c5 10. Nb3 Qe7 11. a3 cxd4 12. Nf3 Bc5 13. Nfxd4 Ne4 14. Bf4 Na6 15. Rc1 g5 16. Bd2 f5 17. e3 Rac8 18. Bc3 Nc7 19. Nd2 Ne8 20. Nxe4 dxe4 21. Qb3+ Qf7 22. Nxf5 1-0

[Event "Rishon Le Ziyyon 9798"]
[Site "Rishon Le Ziyyon"]
[Date "1997.12.29"]
[Round "5"]
[White "Palatnik, Semon"]
[Black "Psakhis, Lev"]
[Result "1/2-1/2"]
[WhiteElo "2500"]
[BlackElo "2565"]
[PlyCount "24"]
[EventDate "1997.12.25"]
[Source "ChessBase"]
[SourceDate "1998.03.09"]

1. d4 e6 2. c4 d5 3. Nf3 Nf6 4. g3 c6 5. Qc2 Bd6 6. Bg2 Nbd7 7. Bf4 Bxf4 8. gxf4 b6 9. cxd5 cxd5 10. Nc3 O-O 11. O-O Bb7 12. Ne5 a6 1/2-1/2

[Event "Salona 60'"]
[Site "?"]
[Date "2002.12.16"]
[Round "10"]
[White "Kozul Zdenko"]
[Black "Kovacevic Vlatko"]
[Result "0-1"]
[WhiteElo "2565"]
[BlackElo "2500"]
[PlyCount "66"]
[EventDate "2002.??.??"]
[Source "www.chesslib.no"]
[SourceDate "2004.05.04"]

1. d4 d5 2. c4 e6 3. Nf3 Nf6 4. g3 c6 5. Qc2 Ne4 6. Bg2 Nd7 7. O-O Be7 8. b3 O-O 9. Bb2 b5 10. c5 a5 11. Ne1 f5 12. Nd3 Bf6 13. f3 Ng5 14. Nd2 b4 15. a3 Ba6 16. axb4 Bxd3 17. Qxd3 axb4 18. f4 Ne4 19. Nxe4 fxe4 20. Qc2 Qe7 21. e3 g5 22. Qd2 gxf4 23. gxf4 Kh8 24. Qxb4 Rab8 25. Qc3 Rg8 26. Qc2 Rg6 27. Kh1 Rbg8 28. Rg1 Qg7 29. b4 Bh4 30. Ra7 Rh6 31. b5 Be1 32. Rf1 Bg3 33. Rxd7 Rxh2+ 0-1

[Event "75 Aniversari Obertura Catalana"]
[Site "Barcelona"]
[Date "2004.??.??"]
[Round "?"]
[White "Comas Fabrego, Luis"]
[Black "Moskalenko, Viktor"]
[Result "1/2-1/2"]
[WhiteElo "2509"]
[BlackElo "2551"]
[PlyCount "32"]
[EventDate "2004.11.29"]
[Source "Roberto Alvarez"]
[SourceDate "2004.11.29"]

1. d4 d5 2. c4 e6 3. g3 Nf6 4. Nf3 c6 5. Bg2 Bb4+ 6. Bd2 Bd6 7. O-O Nbd7 8. Qc2 O-O 9. Nc3 dxc4 10. Bg5 h6 11. Bxf6 Nxf6 12. Ne5 c5 13. e3 cxd4 14. exd4 Rb8 15. Rfd1 Bd7 16. Nxc4 Qc7 1/2-1/2

[Event "Karadjordje Serbia"]
[Site "Topola"]
[Date "2004.05.09"]
[Round "6"]
[White "Jeremic, Veljko"]
[Black "Goloshchapov, Alexander"]
[Result "1-0"]
[WhiteElo "2490"]
[BlackElo "2569"]
[PlyCount "73"]
[EventDate "2004.05.04"]
[Source "ChessBase"]
[SourceDate "2004.07.27"]

1. d4 d5 2. c4 e6 3. Nf3 Nf6 4. g3 dxc4 5. Qa4+ c6 6. Qxc4 b5 7. Qd3 Bb7 8. Bg2 Nbd7 9. O-O Be7 10. Be3 a6 11. Rc1 Rc8 12. Nbd2 O-O 13. Nb3 Nd5 14. a3 h6 15. Rc2 Qb6 16. Rac1 Rfd8 17. Bd2 c5 18. Ba5 c4 19. Qd2 Qa7 20. Bxd8 Rxd8 21. Na5 Ba8 22. b3 c3 23. Rxc3 Nxc3 24. Qxc3 Bxa3 25. Ra1 b4 26. Qc4 Nf6 27. Nc6 Bxc6 28. Qxc6 Nd5 29. e3 Ne7 30. Qa4 Ng6 31. Nd2 e5 32. d5 Ne7 33. Nc4 Qc5 34. Qxa6 Nxd5 35. Rd1 Kh7 36. Be4+ g6 37. Qb7 1-0